Managerial Economics and Organizational Architecture, (Record no. 6134)

MARC details
005 - DATE AND TIME OF LATEST TRANSACTION
control field 20250628171118.0
020 ## - INTERNATIONAL STANDARD BOOK NUMBER
International Standard Book Number 0-07-231447-8
082 ## - DEWEY DECIMAL CLASSIFICATION NUMBER
Classification number 658 BRI
100 ## - MAIN ENTRY--PERSONAL NAME
Author name BRICKLEY, J. A.
245 ## - TITLE STATEMENT
Title Managerial Economics and Organizational Architecture,
250 ## - EDITION STATEMENT
Edition statement 2nd Ed.
260 ## - PUBLICATION, DISTRIBUTION, ETC.
Place of publication, distribution, etc. New York,
Name of publisher, distributor, etc. McGraw- Hill,
Date of publication, distribution, etc. 2001.
300 ## - PHYSICAL DESCRIPTION
Extent xxiv, 616p,: ill.; figure
Other physical details Glossary & Index
Dimensions 26cm
700 ## - ADDED ENTRY--PERSONAL NAME
Other authors/Editors SMITH, C. W.
942 ## - ADDED ENTRY ELEMENTS (KOHA)
Source of classification or shelving scheme Dewey Decimal Classification
Koha item type Books
Holdings
Date last seen Total checkouts Full call number Barcode Cost, replacement price Price effective from Koha item type Lost status Source of classification or shelving scheme Damaged status Not for loan Withdrawn status Home library Current library Shelving location Date acquired Cost, normal purchase price
06/28/2025   658 BRI DOM0001271 150000.00 06/28/2025 Books   Dewey Decimal Classification       CBE Dodoma CBE Dodoma General Collection 06/28/2004 50000.00